00717nam a2200241 a 4500001001300000003000900013005001700022008004100039020001000080082001500090100002400105245002000129260003800149300000800187500003500195505005900230650001600289700002400305902000800329942000700337952011600344999001500460nice12345678IN_TiNIC20260116012723.0050524s1986 luca grp 000 0 per  ac10000a297.4bKAZ aKazimi, Moin-Ud-Din aAdab-E-Moiniya. aLucknowbMunshi Nol Kishorec1986 a35p aincludes index and biblioraphy2 amaulana hafiz daraz al-hashiyatah/Al-minhiyal-al-salam aSufism-Iran1 aKazimi, Moin-Ud-Din bSRS cBK 001040708StackRoom-aHMIbHMId2007-09-13g100.00l0o297.4 KAZp013478r2007-09-13v100.00w2005-05-24yBK c8092d8092